Digital image processing
Αποθηκεύτηκε σε:
| Κύριος συγγραφέας: | |
|---|---|
| Άλλοι συγγραφείς: | |
| Μορφή: | Βιβλίο |
| Γλώσσα: | English |
| Δημοσίευση: |
Reading, Mass. :
Addison-Wesley ,
c1992.
|
| Θέματα: | |
| Ετικέτες: |
Προσθήκη ετικέτας
Δεν υπάρχουν, Καταχωρήστε ετικέτα πρώτοι!
|
MARC
| LEADER | 00000cam a2200000 i 4500 | ||
|---|---|---|---|
| 001 | 1/6235 | ||
| 008 | 951009s1992 mau| ||| |||| ||eng|| | ||
| 020 | |a 0201600781 | ||
| 035 | |l 10016283 | ||
| 040 | |a GR-MyUa |b gre |e AACR2 | ||
| 041 | 0 | |a eng | |
| 082 | 7 | |a 621.367 |2 (22) | |
| 100 | 1 | |a Gonzalez, Rafael C. | |
| 245 | 1 | 0 | |a Digital image processing / |c Rafael C. Gonzalez, Richard E. Woods. |
| 260 | |a Reading, Mass. : |b Addison-Wesley , |c c1992. | ||
| 300 | |a xvi, 716 σ. : |b εικ. ; |c 24 εκ. | ||
| 504 | |a Βιβλιογραφία: σ. 683-703. Ευρετήριο. | ||
| 650 | 0 | |a Image processing |x Digital techniques. | |
| 700 | 1 | |a Woods, Richard E. |q (Richard Eugene), |d 1954- | |
| 852 | |a INST |b LESVOS |e 19951009 |h 621.367 GON |p 005100009701 |q 005100009701 |t BK |y 0 | ||
| 852 | |a INST |b SYROS |e 20131009 |h 621.367 GON |p 005500011017 |q 005500011017 |t BK |y 0 | ||
| 901 | |a BIBL5-2013-1 | ||
| 950 | |a 079-1995-02-23 | ||
| 970 | |a Κοντού |b Παρασκευή |z 09/10/2013 | ||